| 000 | 00824nam a2200205 a 4500 | ||
|---|---|---|---|
| 001 | 000039386 | ||
| 005 | 20201002031627.0 | ||
| 008 | 130625s2001 sp 000 0 spa d | ||
| 020 | _a840007932x | ||
| 040 |
_aDO-SdBNP _bspa _cBNPHU |
||
| 245 | 0 | 0 |
_aKitab Hurusiyus : _btraducción árabe de las "Historiae adversus paganos" de Orosio / _cedición y estudio, Mayte Penelas. |
| 260 |
_aMadrid : _bConsejo Superior de Investigaciones Científicas : _bAgencia Española de Cooperación Internacional, _c2001. |
||
| 300 |
_a144, 444 p. ; _c24 cm. |
||
| 490 | 1 |
_a; _v26 |
|
| 504 | _aBibliografía : 127-144 | ||
| 500 | _aIncluye notas al pie de las páginas | ||
| 546 | _aTexto en la traducción árabe con notas y comentarios en español. | ||
| 700 | 1 |
_aPenelas, Mayte. _965594 |
|
| 830 | 0 |
_aFuentes arábico-hispanas _v26 _965581 |
|
| 999 |
_c38876 _d38876 |
||